[Event "HUN-chT U18"]
[Site "Budapest"]
[Date "2022.11.03"]
[Round "6.5"]
[White "Berla, Zoltan Mate"]
[Black "Nagy, Levente2222"]
[Result "0-1"]
[WhiteElo "1487"]
[BlackElo "1324"]
[PlyCount "58"]
[EventDate "2022.10.31"]
[EventType "team-swiss"]
[EventRounds "7"]
[EventCountry "HUN"]
[SourceTitle "CBM 211 Extra"]
[Source "ChessBase"]
[SourceDate "2023.01.31"]
[SourceVersion "1"]
[SourceVersionDate "2023.01.31"]
[SourceQuality "1"]
[WhiteTeam "Varosgazda Akademia"]
[BlackTeam "Barcza GSC"]
[WhiteTeamCountry "HUN"]
[BlackTeamCountry "HUN"]

1. e4 c5 2. Nc3 Nc6 3. f4 e6 4. Bc4 Nge7 5. Nf3 d5 6. exd5 exd5 7. Bb5 a6 8. Bxc6+ Nxc6 9. 0-0 Be7 10. d3 0-0 11. Ne5 Bf6 12. Nxc6 bxc6 13. Bd2 Bd7 14. Na4 Rb8 15. Bc3 Bxc3 16. bxc3 Qa5 17. d4 Qxa4 18. f5 f6 19. dxc5 Qc4 20. Qd4 Qxd4+ 21. cxd4 Rb2 22. c3 Rc2 23. Rab1 Rxa2 24. Rb7 Rd8 25. g4 Kf7 26. c4 dxc4 27. d5 Kf8 28. d6 Ra5 29. Re1 c3 0-1